000 00690nam a2200265Ia 4500
005 20260302115811.0
008 008 260114s9999 xx 000 0 eng d
020 _a9798216183587
037 _aTextbook
040 _aCRL
040 _beng
040 _cCRL
041 _2eng
041 _aeng
084 _qCRL
100 _aHelena Silverstein
_91122705
245 0 _aPolitical Control of America's Courts Examining the Facts
260 _bBloomsbury
260 _bBloomsbury Academic
260 _c2023
650 _aLaw
856 _uhttps://doi.org/10.5040/9798216183587?locatt=label:secondary_bloomsburyCollections
942 _cEBOOK
999 _c1687508
_d1687508